| 000 | 01542cam a2200277 4500500 | ||
|---|---|---|---|
| 005 | 20260329003048.0 | ||
| 041 | _afre | ||
| 042 | _adc | ||
| 100 | 1 | 0 |
_aBanens, Maks _eauthor |
| 245 | 0 | 0 | _aGender inequalities in care for dependent relatives |
| 260 | _c2023. | ||
| 500 | _a12 | ||
| 520 | _aThe French Federative Association of Psychiatry Students (AFFEP) formed a new associative board in October 2021. Various missions accompany this renewal, including the reform and construction of the psychiatry internship model, the continuation of the “Choisir psychiatrie” survey, the maintenance of our role as the national point of reference for psychiatry interns, commitment to our magazine Psy Déchaîné, and the creation of attractive digital content. This roadmap also reaffirms the values that we defend through these missions: federation, cooperation, representation, and diversity. Finally, the AFFEP will unveil this new team and enthusiastically invite you to join our organization. | ||
| 690 | _aaidant cohabitant | ||
| 690 | _aaidant non cohabitant | ||
| 690 | _aaidantes | ||
| 690 | _aaidants | ||
| 690 | _adépendance | ||
| 690 | _adifférences entre hommes et femmes aidants | ||
| 690 | _agenre | ||
| 690 | _aperte d’autonomie | ||
| 690 | _aproches aidants | ||
| 690 | _arôles sexuels traditionnels | ||
| 786 | 0 | _nInformations sociales | o 208 | 4 | 2023-05-03 | p. 24-32 | 0046-9459 | |
| 856 | 4 | 1 | _uhttps://shs.cairn.info/journal-informations-sociales-2022-4-page-24?lang=en&redirect-ssocas=7080 |
| 999 |
_c1821083 _d1821083 |
||